|
|
|
|
| LEADER |
00598cam a2200181 7i4500 |
| 001 |
0000023132 |
| 005 |
20090715090000.0 |
| 020 |
0 |
0 |
|a 978-983-3252-16-9
|
| 090 |
0 |
0 |
|a B 331.4
|b MIN
|
| 110 |
2 |
0 |
|a Ministry of Women, Family and Community Development
|
| 245 |
2 |
0 |
|a Societal Advancement and Gender Equality (SAGE).
|
| 260 |
0 |
0 |
|a [S.l]:
|b Ministry of Women, Family and Community Development,
|c 2008.
|
| 300 |
# |
# |
|a 153 p.
|
| 650 |
0 |
0 |
|a Women in development
|
| 650 |
0 |
0 |
|a Women's rights
|
| 650 |
0 |
0 |
|a Women --
|x Economic development
|
| 651 |
0 |
0 |
|a Malaysia
|
| 999 |
|
|
|a 0000022724
|b Book
|c Book
|e Business Information Centre
|